000 01615cam a2200385 a 4500
001 EDZ0000077513
003 StDuBDS
005 20161031105200.0
006 m||||||||d||||||||
007 cr |||||||||||
008 120418s2008 caua fo| 001|0|eng|d
020 _a9781452204079 (ebook) :
_cNo price
040 _aStDuBDS
_beng
_cStDuBDS
_epn
049 _aAlfaisal Main Library
050 0 _aHV551.3
_b.V36 2008
082 0 4 _a363.10973
_223
100 1 _aVan Brunschot, Erin Gibbs.
245 1 0 _aRisk balance & security
_h[electronic resource] /
_cErin Gibbs Van Brunschot, Leslie W. Kennedy.
260 _aThousand Oaks, [Calif.] ;
_aLondon :
_bSAGE,
_cc2008.
300 _a1 online resource (xii, 239 p.) :
_bill.
520 8 _aVan Brunschot and Kennedy capture the interdisciplinary realities facing public security today, and the means in which a risk balance is evident in the secruity decisions made to deal with crime, terrorist activities and environmental disasters.
521 _aSpecialized.
588 _aDescription based on print version record.
504 _aIncludes bibliographical references and index.
650 0 _aEmergency management
_zUnited States.
650 0 _aCrime prevention
_zUnited States.
650 0 _aTerrorism
_zUnited States
_xPrevention.
650 0 _aRisk
_xSociological aspects.
655 7 _aElectronic books.
_2local
700 1 _aKennedy, Leslie W.
710 2 _aSage eBooks
776 0 8 _iPrint version :
_z9781412940702
856 4 0 _uhttp://ezproxy.alfaisal.edu/login?url=http://sk.sagepub.com/books/risk-balance-and-security
942 _2lcc
_cEBOOKS
999 _c481132
_d481132